000 00343nam a2200121Ia 4500
008 240731s9999 xx 000 0 und d
022 _a1756-3801
245 0 _aLevant : The Journal of the Council for British Research in the Levant
260 _bRoutledge
856 _uhttps://www.tandfonline.com/loi/ylev20
942 _2ddc
942 _cTFEJ
999 _c78428
_d78428
945 _a1
_bMadushi Gamage
_c1
_dMadushi Gamage